Information : (Record no. 63038)

MARC details
000 -LEADER
fixed length control field 00522nam a22001577a 4500
005 - DATE AND TIME OF LATEST TRANSACTION
control field 20180821170957.0
020 ## - INTERNATIONAL STANDARD BOOK NUMBER
International Standard Book Number 8170002931
Terms of availability 1500.00 (per set)
020 ## - INTERNATIONAL STANDARD BOOK NUMBER
International Standard Book Number 8170002990
Terms of availability 1500.00 (per set)
035 ## - SYSTEM CONTROL NUMBER
System control number B-31445, B-031447
035 ## - SYSTEM CONTROL NUMBER
System control number B-31451
037 ## - SOURCE OF ACQUISITION
Stock number DPL
Source of stock number/acquisition ENG
245 ## - TITLE STATEMENT
Title Information :
Remainder of title Management, source and other studies - essay in honour of Professor K Navlani /
260 ## - PUBLICATION, DISTRIBUTION, ETC. (IMPRINT)
Place of publication, distribution, etc New Delhi
Name of publisher, distributor, etc Ess Ess Publications
Date of publication, distribution, etc 2001
300 ## - PHYSICAL DESCRIPTION
Extent 2 Vol.(264p.238p.)
Dimensions 21cms.
942 ## - ADDED ENTRY ELEMENTS (KOHA)
Source of classification or shelving scheme Dewey Decimal Classification
Item type English Books
Classification part 020
Call number suffix INF
Holdings
Withdrawn status Lost status Not for loan Collection code Home library Current library Date acquired Cost, normal purchase price Full call number Barcode Cost, replacement price Koha item type Materials specified (bound volume or other part) Source of acquisition
      Non-fiction Sarojini Nagar Sarojini Nagar 16/02/2012 1500.00 020 INF B-31445 1500.00 English Books    
      Non-fiction Sarojini Nagar Sarojini Nagar 18/02/2012   020 INF B-31451   English Books Vol.2  
      Non-fiction Shahdara Branch Shahdara Branch 21/08/2018 1500.00 020 INF B-031447 1500.00 English Books   BPPD/PUB

© Delhi Public Library
Hit Counter
free hit counter